| 000 | 01017nam a2200241 a 4500 | ||
|---|---|---|---|
| 001 | BRCA_4321 | ||
| 005 | 20190320204627.0 | ||
| 008 | 240610r18581982mx-bh#####---#000-0#spa-# | ||
| 041 | _aspa | ||
| 044 | _amx | ||
| 050 | 4 |
_aG1545 _b.G37 1982 |
|
| 100 | 1 |
_aGarcía y Cubas, Antonio _d1982-1912 _911080 |
|
| 245 | 1 | 0 |
_aAtlas geográfico, estadístico e histórico de la República Mexicana _cformado por Antonio García y Cubas ; introducción Graciela Romandía de Cantú. |
| 260 |
_aMéxico _bCelanece Mexicana _c1982 |
||
| 300 |
_a1 v. (en varias paginaciones) _bil. (algunas a color), 33 láminas, mapas _c45 cm. |
||
| 500 | _aFacsímil de: Antonio García y Cubas. México : Imprenta de José Mariano Fernández de Lara, 1858 | ||
| 501 | _aIncluye noticia de minerales y fincas rústicas | ||
| 501 | _aPor su formato NO se presta a domicilio | ||
| 650 | 1 | 4 |
_aCartografía _ySiglo XIX _zMéxico _99799 |
| 651 | 4 |
_aMéxico _vMapas _ySiglo XIX _99800 |
|
| 700 | 1 |
_aRomandía de Cantú, Graciela _9817 |
|
| 942 |
_2lcc _cB |
||
| 999 |
_c4032 _d4032 |
||